Stati dove l'Olandese / Afrikaans è Lingua ufficiale - Statistics

Statistiche generali
  • Questo quiz è stato fatto 28 volte
  • Il punteggio medio è 5 su 5
Statistiche sulle risposte
Numero madrelingua Continente Nazione % Corretto
16 431 360 (Olandese) Europa Paesi Bassi
100%
325 000 (Olandese) America del Sud Suriname
96%
6 215 000 (Olandese) Europa Belgio
92%
6 860 000 (Afrikaans) Africa Sudafrica
88%
222 000 (Afrikaans) Africa Namibia
73%
Nessun quiz corrispondente trovato
Distribuzione punteggi
Percentuale di utenti per punteggio
Percentile per numero di risposta
I tuoi punteggi nel tempo
Non hai fatto questo quiz